| 000 | 00612nam a2200205Ia 4500 | ||
|---|---|---|---|
| 005 | 20250508151043.0 | ||
| 008 | 008 250505s9999 xx 000 0 eng d | ||
| 037 | _aTextual | ||
| 040 |
_aFEDL _beng _cFEDL |
||
| 041 |
_aeng _2eng |
||
| 084 |
_a155.4, LAI _qFEDL |
||
| 100 | _aLaird Donald A. | ||
| 245 | 0 | _aStrategy of handling children: Questions and answers on parents' problems | |
| 260 |
_aNew York, USA _bGrosset and Dunlap _c1949 |
||
| 300 | _ax,276p | ||
| 650 | _aChild psychology | ||
| 700 |
_a Laird Eleanor C. _9758310 |
||
| 942 |
_cTEXL _h155.4, LAI |
||
| 999 |
_c1327289 _d1327289 |
||